[Event "ISL-chT1 1920"]
[Site "Reykjavik"]
[Date "2021.05.15"]
[Round "7.3"]
[White "Kristjansson, Atli Freyr"]
[Black "Magnusson, Thorsteinn1111"]
[Result "1-0"]
[WhiteElo "2176"]
[BlackElo "1629"]
[PlyCount "143"]
[EventDate "2019.10.03"]
[EventType "team-tourn"]
[EventRounds "9"]
[EventCountry "ISL"]
[SourceTitle "EXT 2022"]
[Source "ChessBase"]
[SourceDate "2021.10.06"]
[SourceVersion "1"]
[SourceVersionDate "2021.10.06"]
[SourceQuality "1"]
[WhiteTeam "Skakfelagidj Huginn"]
[BlackTeam "Skakfelag Selfoss"]
[WhiteTeamCountry "ISL"]
[BlackTeamCountry "ISL"]

1. Nf3 Nc6 2. d4 d5 3. c4 e6 4. Nc3 h6 5. g3 Nf6 6. Bg2 Be7 7. 0-0 0-0 8. e3 Re8 9. b3 b6 10. Bb2 Bf8 11. Rc1 Ne7 12. Qc2 Bb7 13. Rfd1 c6 14. Ne5 Nd7 15. e4 dxe4 16. Nxe4 Nxe5 17. dxe5 Qc7 18. Nd6 Red8 19. Qe4 Rab8 20. Qf3 Ng6 21. Nxb7 Qxb7 22. Qxc6 Qxc6 23. Bxc6 Bc5 24. Kg2 Ne7 25. Be4 Nf5 26. g4 Ne7 27. Rb1 g5 28. Bc3 a5 29. h4 Kg7 30. hxg5 hxg5 31. Bd2 Rd4 32. Bf3 Ng6 33. Bxg5 Nxe5 34. Rxd4 Bxd4 35. Be2 Ng6 36. Rd1 e5 37. Be3 Bxe3 38. fxe3 f6 39. Rd7+ Kf8 40. Kg3 Ne7 41. Bf3 Kf7 42. Rd6 Kg6 43. Be4+ Kf7 44. Rd7 Ke6 45. Rb7 Rxb7 46. Bxb7 Ng6 47. a3 Kd6 48. b4 axb4 49. axb4 Kc7 50. Be4 Ne7 51. Kh4 Kd6 52. Kh5 Ke6 53. Bb7 Kd6 54. Kh6 Ke6 55. Kg7 f5 56. g5 f4 57. exf4 exf4 58. Kh6 Kf5 59. Bf3 Ng8+ 60. Kg7 Ne7 61. Kf7 Ng6 62. Be2 Ne5+ 63. Ke7 Kxg5 64. Kd6 Kf5 65. Kc7 f3 66. Bf1 Ke6 67. Kxb6 Kd7 68. c5 Kc8 69. c6 Nxc6 70. Kxc6 f2 71. b5 Kb8 72. Kc5 1-0

[Event "Reykjavik op"]
[Site "Reykjavik"]
[Date "2019.04.09"]
[Round "2"]
[White "Gupta, Abhijeet"]
[Black "Kristjansson, Atli Freyr"]
[Result "1-0"]
[WhiteElo "2602"]
[BlackElo "2198"]
[PlyCount "53"]
[EventDate "2019.04.08"]
[EventType "swiss"]
[EventRounds "9"]
[EventCountry "ISL"]
[SourceTitle "CBM 189 Extra"]
[Source "ChessBase"]
[SourceDate "2019.06.03"]
[SourceVersion "1"]
[SourceVersionDate "2019.06.03"]
[SourceQuality "1"]

1. d4 d5 2. c4 e6 3. Nc3 c6 4. Nf3 Nf6 5. g3 Nbd7 6. Bg2 dxc4 7. 0-0 Be7 8. e4 e5 9. d5 Qc7 10. a4 0-0 11. Qe2 cxd5 12. exd5 a6 13. Bg5 h6 14. Bxf6 Bxf6 15. Nd2 Rb8 16. Nxc4 Nb6 17. Ne3 Nd7 18. Rfd1 b5 19. axb5 axb5 20. d6 Qb6 21. Nf5 Bb7 22. Nxh6+ gxh6 23. Qg4+ Bg7 24. Qxd7 Rfd8 25. Qc7 Bxg2 26. Kxg2 Rb7 27. Nd5 1-0

[Event "Reykjavik op"]
[Site "Reykjavik"]
[Date "2018.03.11"]
[Round "6"]
[White "Opasiak, Dustin Tennessee"]
[Black "Kristjansson, Atli Freyr"]
[Result "0-1"]
[WhiteElo "1797"]
[BlackElo "2123"]
[PlyCount "126"]
[EventDate "2018.03.06"]
[EventType "swiss"]
[EventRounds "9"]
[EventCountry "ISL"]
[SourceTitle "CBM 183 Extra"]
[Source "ChessBase"]
[SourceDate "2018.04.19"]
[SourceVersion "1"]
[SourceVersionDate "2018.04.19"]
[SourceQuality "1"]

1. e4 c5 2. Nf3 d6 3. d4 cxd4 4. Nxd4 Nf6 5. Nc3 a6 6. Qe2 e6 7. g4 b5 8. Bg2 Bb7 9. a3 Be7 10. 0-0 Qc7 11. g5 Nfd7 12. Qh5 g6 13. Qh6 Bf8 14. Qh3 e5 15. Nb3 Nb6 16. Na5 Bc8 17. Qf3 Bg7 18. Qd3 0-0 19. Nd5 Nxd5 20. Qxd5 Ra7 21. Be3 Be6 22. Qd2 Ra8 23. Rad1 Nc6 24. Nxc6 Qxc6 25. f4 exf4 26. Bxf4 Bxb2 27. Bxd6 Rfd8 28. e5 Qb6+ 29. Kh1 Rac8 30. Qf4 Rxc2 31. Be7 Re8 32. Rd6 Qc7 33. Rxe6 Rxe7 34. Rxe7 Qxe7 35. Bd5 Rc7 36. e6 fxe6 37. Bxe6+ Kg7 38. Qh4 Rc1 39. Rxc1 Qxe6 40. Rc7+ Kg8 41. Qxh7+ Kf8 42. Qh4 Qd5+ 43. Kg1 Bd4+ 44. Kf1 Qf3+ 45. Ke1 Bc3+ 46. Rxc3 Qxc3+ 47. Kd1 Qd3+ 48. Ke1 Ke7 49. Qf4 Qd6 50. Qh4 Qe5+ 51. Kd1 Ke6 52. Qg4+ Kd5 53. Qd7+ Qd6 54. Qf7+ Ke4+ 55. Ke1 Qc6 56. Qe7+ Kf5 57. Kf2 Qc2+ 58. Kf3 Qd3+ 59. Kf2 Qd4+ 60. Kf3 Qf4+ 61. Ke2 Qe4+ 62. Qxe4+ Kxe4 63. h4 Kf5 0-1

[Event "Reykjavik op"]
[Site "Reykjavik"]
[Date "2018.03.07"]
[Round "3"]
[White "Kristjansson, Atli Freyr"]
[Black "Kantorik, Marian"]
[Result "1-0"]
[WhiteElo "2123"]
[BlackElo "2313"]
[PlyCount "95"]
[EventDate "2018.03.06"]
[EventType "swiss"]
[EventRounds "9"]
[EventCountry "ISL"]
[SourceTitle "CBM 183 Extra"]
[Source "ChessBase"]
[SourceDate "2018.04.19"]
[SourceVersion "1"]
[SourceVersionDate "2018.04.19"]
[SourceQuality "1"]

1. c4 e6 2. Nf3 d5 3. g3 d4 4. Bg2 c5 5. 0-0 Nc6 6. e3 Nf6 7. exd4 cxd4 8. d3 Be7 9. Re1 0-0 10. Na3 Nd7 11. Rb1 e5 12. Nc2 a5 13. b3 f6 14. a3 Nc5 15. Rf1 Bf5 16. Nce1 Kh8 17. Nh4 Be6 18. f4 exf4 19. gxf4 g5 20. fxg5 fxg5 21. Rxf8+ Qxf8 22. Nhf3 Qg7 23. b4 axb4 24. axb4 g4 25. Nd2 Nd7 26. Qe2 Bf5 27. b5 Nce5 28. Bxb7 Rb8 29. Bg2 Nc5 30. Ne4 Nxe4 31. Bxe4 Nf3+ 32. Kh1 Rf8 33. Bf4 Bxe4 34. Qxe4 Nh4 35. Ng2 Ng6 36. Bg3 h5 37. Nf4 Nxf4 38. Bxf4 h4 39. Be5 Bf6 40. Rf1 Bxe5 41. Rxf8+ Qxf8 42. Qxe5+ Kh7 43. Qh5+ Kg7 44. Qxg4+ Kh6 45. Qxh4+ Kg6 46. Kg2 Qb4 47. Qxd4 Qd2+ 48. Qf2 1-0

[Event "Reykjavik op"]
[Site "Reykjavik"]
[Date "2018.03.07"]
[Round "2"]
[White "Thorhallsson, Throstur"]
[Black "Kristjansson, Atli Freyr"]
[Result "1/2-1/2"]
[WhiteElo "2419"]
[BlackElo "2123"]
[PlyCount "131"]
[EventDate "2018.03.06"]
[EventType "swiss"]
[EventRounds "9"]
[EventCountry "ISL"]
[SourceTitle "CBM 183 Extra"]
[Source "ChessBase"]
[SourceDate "2018.04.19"]
[SourceVersion "1"]
[SourceVersionDate "2018.04.19"]
[SourceQuality "1"]

1. e4 e5 2. Nf3 Nc6 3. Bc4 Bc5 4. c3 Nf6 5. d3 d6 6. Bb3 a6 7. Nbd2 Ba7 8. Nf1 d5 9. Qe2 dxe4 10. dxe4 Ng4 11. Ne3 Bxe3 12. Bxe3 Nxe3 13. Qxe3 0-0 14. 0-0 Qf6 15. h3 Be6 16. Rfd1 Rad8 17. Bd5 Rd6 18. Rd2 Rfd8 19. Rad1 Bxd5 20. exd5 Ne7 21. c4 Ng6 22. g3 h6 23. Qe4 c6 24. dxc6 bxc6 25. Rxd6 Rxd6 26. Rxd6 Qxd6 27. h4 Qe6 28. h5 Nf8 29. Qxe5 Qxc4 30. b3 Qd3 31. Nd4 Qc3 32. Qe4 Qb4 33. Qd3 Qd6 34. Qc4 c5 35. Nf5 Qd1+ 36. Kg2 Ne6 37. Ne3 Qd6 38. Qe4 Ng5 39. Qd5 Qe7 40. Kf1 Qe4 41. Ke2 Qb1 42. Qd8+ Kh7 43. Qd3+ Qxd3+ 44. Kxd3 g6 45. f4 Nf3 46. g4 Kg7 47. Ke4 Nd4 48. Nd5 f5+ 49. gxf5 gxh5 50. f6+ Kf7 51. f5 h4 52. Kf4 Nxf5 53. Kg4 h5+ 54. Kh3 a5 55. Nb6 Nd6 56. Kxh4 Kg6 57. f7 Kxf7 58. Kxh5 Ke6 59. Kg4 Ke5 60. Kf3 Kd4 61. Ke2 Kc3 62. Na4+ Kb4 63. Kd3 c4+ 64. Kc2 Nb5 65. Kb2 cxb3 66. axb3 1/2-1/2

[Event "Reykjavik op"]
[Site "Reykjavik"]
[Date "2018.03.06"]
[Round "1"]
[White "Kristjansson, Atli Freyr"]
[Black "Kvetny, Mark"]
[Result "1/2-1/2"]
[WhiteElo "2123"]
[BlackElo "2408"]
[PlyCount "98"]
[EventDate "2018.03.06"]
[EventType "swiss"]
[EventRounds "9"]
[EventCountry "ISL"]
[SourceTitle "CBM 183 Extra"]
[Source "ChessBase"]
[SourceDate "2018.04.19"]
[SourceVersion "1"]
[SourceVersionDate "2018.04.19"]
[SourceQuality "1"]

1. c4 c5 2. Nc3 g6 3. g3 Bg7 4. Bg2 Nc6 5. d3 a6 6. e4 b5 7. Nge2 Rb8 8. 0-0 Nf6 9. Rb1 d6 10. h3 0-0 11. b3 Bd7 12. f4 Ne8 13. Kh2 Nc7 14. Qd2 Ne6 15. Bb2 Qa5 16. Ba1 Ned4 17. Rfd1 e6 18. Nxd4 Nxd4 19. Ne2 Qxd2 20. Rxd2 Nxe2 21. Rxe2 Bxa1 22. Rxa1 Rb6 23. e5 Rc8 24. Rd1 Kf8 25. d4 bxc4 26. bxc4 Ba4 27. Rdd2 cxd4 28. Rxd4 dxe5 29. c5 exd4 30. cxb6 d3 31. Rd2 Bc2 32. Kg1 Rb8 33. b7 Ke7 34. Kf2 Kd6 35. Ke3 Kc5 36. g4 a5 37. f5 exf5 38. Rf2 Kb4 39. Kd2 Bb1 40. gxf5 gxf5 41. Rf4+ Kc5 42. Rxf5+ Kb6 43. Rf6+ Ka7 44. a3 Ba2 45. Kxd3 Rd8+ 46. Kc3 Bd5 47. Bxd5 Rxd5 48. Rxf7 Rh5 49. Kc4 Rxh3 1/2-1/2

[Event "Reykjavik-ch"]
[Site "Reykjavik"]
[Date "2009.01.30"]
[Round "9"]
[White "Kristjansson, Atli Freyr"]
[Black "Olafsson, Thorvadur F"]
[Result "0-1"]
[WhiteElo "2105"]
[BlackElo "2182"]
[PlyCount "70"]
[EventDate "2009.01.11"]
[EventType "swiss"]
[EventRounds "9"]
[EventCountry "ISL"]
[SourceTitle "EXT 2010"]
[Source "ChessBase"]
[SourceDate "2010.11.25"]
[SourceVersion "1"]
[SourceVersionDate "2010.11.25"]
[SourceQuality "1"]

1. d4 Nf6 2. c4 g6 3. Nc3 Bg7 4. e4 d6 5. h3 0-0 6. Bg5 Na6 7. Bd3 e5 8. d5 Qe8 9. g4 Nc5 10. Bc2 a5 11. Nge2 Bd7 12. Ng3 b5 13. cxb5 Bxb5 14. Qd2 Ba6 15. 0-0-0 Nfd7 16. Bh6 f6 17. h4 Nb6 18. b3 a4 19. Rdg1 axb3 20. axb3 Bd3 21. Bxg7 Kxg7 22. Qe3 Bxc2 23. Kxc2 Ra3 24. Rb1 Qd7 25. Qe2 Rb8 26. g5 Nxb3 27. gxf6+ Kf7 28. Rxb3 Rxb3 29. Qe3 Na4 30. Qh6 Rxc3+ 31. Kd2 Rb2+ 32. Kd1 Qg4+ 33. Ke1 Rb1+ 34. Kd2 Qf4+ 35. Qxf4 Rb2+ 0-1

[Event "Reykjavik-ch"]
[Site "Reykjavik"]
[Date "2009.01.28"]
[Round "8"]
[White "Halldorsson, Halldor Brynjar"]
[Black "Kristjansson, Atli Freyr"]
[Result "0-1"]
[WhiteElo "2201"]
[BlackElo "2105"]
[PlyCount "112"]
[EventDate "2009.01.11"]
[EventType "swiss"]
[EventRounds "9"]
[EventCountry "ISL"]
[SourceTitle "EXT 2010"]
[Source "ChessBase"]
[SourceDate "2010.11.25"]
[SourceVersion "1"]
[SourceVersionDate "2010.11.25"]
[SourceQuality "1"]

1. e4 c5 2. Nf3 d6 3. d4 cxd4 4. Nxd4 Nf6 5. Nc3 a6 6. Rg1 e5 7. Nb3 Be6 8. g4 d5 9. exd5 Nxd5 10. Nxd5 Qxd5 11. Qe2 Nc6 12. Be3 Nd4 13. Bxd4 exd4 14. Bg2 Qd6 15. 0-0-0 Qf4+ 16. Kb1 0-0-0 17. Na5 Rd7 18. c3 Kb8 19. Bxb7 Rxb7 20. Nc6+ Kc7 21. Nxd4 Ba3 22. b3 Rb6 23. Rg3 Bc5 24. Rf3 Qh6 25. Qe5+ Bd6 26. Qa5 Qg6+ 27. Kb2 Bxg4 28. Rg1 Qh5 29. Nb5+ axb5 30. Qa7+ Rb7 31. Qa5+ Kb8 32. Rd3 Bc7 33. Qb4 Be6 34. Rgd1 Qe5 35. h4 Rc8 36. R1d2 Bb6 37. Rd1 Bc5 38. Qa5 Qc7 39. Qa6 Qb6 40. Qxb6 Rxb6 41. f3 Kc7 42. b4 Be7 43. a4 bxa4 44. Ka3 Rd8 45. Rxd8 Bxd8 46. Kxa4 Rc6 47. b5 Rxc3 48. b6+ Kxb6 49. Rxd8 Rxf3 50. Rg8 g6 51. h5 gxh5 52. Rg7 Rf4+ 53. Ka3 h4 54. Rxh7 Kc5 55. Kb2 Kd4 56. Kc1 Ke3 0-1

[Event "Reykjavik-ch"]
[Site "Reykjavik"]
[Date "2009.01.25"]
[Round "7"]
[White "Kristjansson, Atli Freyr"]
[Black "Johannesson, Ingvar Thor"]
[Result "1/2-1/2"]
[WhiteElo "2105"]
[BlackElo "2345"]
[PlyCount "128"]
[EventDate "2009.01.11"]
[EventType "swiss"]
[EventRounds "9"]
[EventCountry "ISL"]
[SourceTitle "EXT 2010"]
[Source "ChessBase"]
[SourceDate "2010.11.25"]
[SourceVersion "1"]
[SourceVersionDate "2010.11.25"]
[SourceQuality "1"]

1. d4 f5 2. Nc3 Nf6 3. Bg5 d5 4. e3 e6 5. Nf3 Nbd7 6. Bd3 c5 7. dxc5 Nxc5 8. Bb5+ Bd7 9. Bxd7+ Ncxd7 10. 0-0 Qb6 11. Qd3 Rc8 12. Rab1 Ne4 13. Ne2 Nxg5 14. Nxg5 Be7 15. Nf3 Nc5 16. Qd2 Bf6 17. Ned4 0-0 18. Rfc1 Ne4 19. Qd3 Rc5 20. Nd2 Rfc8 21. c3 Nxd2 22. Qxd2 g6 23. Rc2 Kf7 24. Rbc1 Qa6 25. b3 b5 26. Qd3 Qb6 27. Ne2 Qc7 28. Nd4 a6 29. h3 h5 30. Ne2 h4 31. Nd4 Qd7 32. Ne2 R8c7 33. Nd4 Qc8 34. Ne2 Qd7 35. Nd4 Qc8 36. Ne2 Kg7 37. Nd4 Kg8 38. Ne2 Kh7 39. Nd4 e5 40. Ne2 b4 41. c4 a5 42. f3 dxc4 43. Rxc4 Rxc4 44. Rxc4 Rxc4 45. bxc4 Qc6 46. e4 fxe4 47. fxe4 a4 48. Qd5 Qxd5 49. cxd5 Bg5 50. Kf2 Bd2 51. d6 Kg7 52. d7 Bg5 53. Nc1 Kf8 54. Nd3 b3 55. axb3 axb3 56. Ke2 Ke7 57. Kd1 Kd6 58. d8Q+ Bxd8 59. Kc1 Bb6 60. Kb2 Bd4+ 61. Kxb3 Be3 62. Kc4 Bd4 63. Ne1 Bf2 64. Nf3 Bg3 1/2-1/2

[Event "Reykjavik-ch"]
[Site "Reykjavik"]
[Date "2009.01.23"]
[Round "6"]
[White "Thorgeirsson, Sverrir"]
[Black "Kristjansson, Atli Freyr"]
[Result "0-1"]
[WhiteElo "2094"]
[BlackElo "2105"]
[PlyCount "88"]
[EventDate "2009.01.11"]
[EventType "swiss"]
[EventRounds "9"]
[EventCountry "ISL"]
[SourceTitle "EXT 2010"]
[Source "ChessBase"]
[SourceDate "2010.11.25"]
[SourceVersion "1"]
[SourceVersionDate "2010.11.25"]
[SourceQuality "1"]

1. d4 Nf6 2. Nf3 d5 3. e3 g6 4. c4 c6 5. Nc3 Bg7 6. Bd3 0-0 7. Ne5 dxc4 8. Bxc4 b5 9. Be2 Bb7 10. f4 a6 11. Bf3 Qc7 12. 0-0 c5 13. dxc5 Bxf3 14. Qxf3 Nbd7 15. Nxd7 Nxd7 16. Rd1 Nxc5 17. Nd5 Qa7 18. e4 e6 19. Nb4 Nxe4+ 20. Be3 Qb7 21. Rac1 Rfd8 22. Rxd8+ Rxd8 23. Nc6 Nd2 24. Qe2 Rd6 25. Ne5 Ne4 26. Qc2 Qd5 27. h3 Bxe5 28. fxe5 Qxe5 29. Qc8+ Kg7 30. Rf1 Ng3 31. Re1 Ne4 32. Qc1 g5 33. Qc2 Qg3 34. Re2 f5 35. Qc1 Rd7 36. b3 Rd3 37. Qb2+ Kg6 38. Qc1 Rc3 39. Qe1 Qxe1+ 40. Rxe1 Rc2 41. Ra1 Nc3 42. a3 e5 43. Kf1 f4 44. Bf2 e4 0-1

[Event "Reykjavik TR-chA"]
[Site "Reykjavik"]
[Date "2008.10.31"]
[Round "3"]
[White "Kristjansson, Atli Freyr"]
[Black "Fridjonsson, Julius"]
[Result "1/2-1/2"]
[WhiteElo "2093"]
[BlackElo "2234"]
[PlyCount "110"]
[EventDate "2008.10.26"]
[EventType "tourn"]
[EventRounds "9"]
[EventCountry "ISL"]
[SourceTitle "EXT 2010"]
[Source "ChessBase"]
[SourceDate "2010.11.25"]
[SourceVersion "1"]
[SourceVersionDate "2010.11.25"]
[SourceQuality "1"]

1. Nf3 c5 2. c4 Nc6 3. d4 cxd4 4. Nxd4 e6 5. g3 Bc5 6. Nb3 Bb4+ 7. Bd2 d5 8. Bxb4 Nxb4 9. Qd2 dxc4 10. Qxb4 cxb3 11. Qxb3 Nf6 12. Bg2 0-0 13. 0-0 e5 14. Nc3 Qe7 15. Rac1 Bg4 16. h3 Be6 17. Qb5 e4 18. Qe5 Rfe8 19. Rfd1 Qb4 20. Qb5 Qe7 21. e3 Rab8 22. Rd4 Rbc8 23. Rcd1 Rc5 24. Qa4 b5 25. Qa3 Bf5 26. g4 Bg6 27. Qb3 h5 28. Nd5 Nxd5 29. Rxd5 hxg4 30. hxg4 Rec8 31. g5 Bh5 32. R1d4 Bg6 33. Bh3 R8c7 34. Kh2 a6 35. Qd1 Rxd5 36. Rxd5 Rc5 37. Rxc5 Qxc5 38. Qg4 a5 39. Qc8+ Qxc8 40. Bxc8 Kf8 41. Kg3 Ke7 42. Kf4 Kd6 43. Bb7 Kc5 44. Bxe4 Bxe4 45. Kxe4 Kc4 46. f4 a4 47. Kf3 Kd3 48. e4 b4 49. f5 f6 50. gxf6 gxf6 51. Kf4 Kd4 52. b3 a3 53. Kf3 Kd3 54. Kf4 Kd4 55. Kf3 Kd3 1/2-1/2

[Event "Reykjavik"]
[Site "Reykjavik"]
[Date "2008.07.22"]
[Round "9"]
[White "Kristjansson, Atli Freyr"]
[Black "Lagerman, Robert"]
[Result "0-1"]
[WhiteElo "2070"]
[BlackElo "2354"]
[PlyCount "66"]
[EventDate "2008.07.16"]
[EventType "tourn"]
[EventRounds "9"]
[EventCountry "ISL"]
[EventCategory "3"]
[SourceTitle "CBM 125 Extra"]
[Source "ChessBase"]
[SourceDate "2008.09.01"]
[SourceVersion "1"]
[SourceVersionDate "2008.09.01"]
[SourceQuality "1"]

1. d4 Nf6 2. c4 c5 3. d5 b5 4. Nf3 g6 5. Qc2 Bg7 6. e4 d6 7. cxb5 a6 8. Nc3 0-0 9. a4 e6 10. dxe6 Bxe6 11. Be2 axb5 12. Nxb5 Na6 13. Bd2 d5 14. exd5 Nxd5 15. 0-0 Qf6 16. Bc3 Nxc3 17. bxc3 c4 18. Nd2 Nc5 19. Bxc4 Bf5 20. Qd1 Rfd8 21. Nd4 Be4 22. Be2 Qf4 23. g3 Qc7 24. Nxe4 Nxe4 25. Nb5 Qe5 26. Qb3 Nd2 27. Qd1 Nxf1 28. Qxf1 Qe4 29. f3 Qe3+ 30. Qf2 Qd2 31. Ra3 Bf8 32. Ra1 Qb2 33. Qe1 Re8 0-1

[Event "Reykjavik op 23rd"]
[Site "Reykjavik"]
[Date "2008.03.04"]
[Round "2"]
[White "Thorfinnsson, Bragi"]
[Black "Kristjansson, Atli Freyr"]
[Result "1/2-1/2"]
[WhiteElo "2406"]
[BlackElo "2019"]
[PlyCount "171"]
[EventDate "2008.03.03"]
[EventType "swiss"]
[EventRounds "9"]
[EventCountry "ISL"]
[SourceTitle "CBM 123 Extra"]
[Source "ChessBase"]
[SourceDate "2008.05.06"]
[SourceVersion "1"]
[SourceVersionDate "2008.05.06"]
[SourceQuality "1"]

1. d4 d5 2. c4 dxc4 3. Nf3 Nf6 4. Qc2 c5 5. dxc5 Qa5+ 6. Nbd2 Qxc5 7. e3 e6 8. Bxc4 Nbd7 9. 0-0 b5 10. Bd3 Qxc2 11. Bxc2 Bb7 12. a4 b4 13. a5 Nc5 14. Nb3 Rc8 15. Bd2 Be4 16. Rfc1 Bxc2 17. Rxc2 Nxb3 18. Rxc8+ Kd7 19. Rxf8 Rxf8 20. Bxb4 Rb8 21. Rd1+ Ke8 22. Bc3 Rb5 23. Ne5 Nd5 24. Nc6 Rc5 25. e4 Rxc6 26. exd5 Rd6 27. Kf1 g6 28. Ke2 Rxd5 29. Rxd5 exd5 30. Kd3 a6 31. Kc2 Nc5 32. b4 Ne6 33. b5 axb5 34. a6 Nc7 35. a7 Kd7 36. Kd3 Kc6 37. Ba5 Na8 38. Kd4 Kb7 39. Kc5 Ka6 40. Bc3 Kxa7 41. Kxb5 Nc7+ 42. Kc6 Ne6 43. Kxd5 Nf4+ 44. Ke5 Nxg2 45. Kf6 Nh4 46. Be5 Kb6 47. Kxf7 Kc6 48. Kg7 h5 49. Bg3 Nf3 50. Kxg6 h4 51. Bb8 Kd5 52. Kf5 h3 53. Bg3 Ng1 54. Kf4 Kd4 55. Kg4 Ke4 56. Bb8 Kd5 57. f3 Ke6 58. Ba7 Ne2 59. Kxh3 Kf5 60. Be3 Nc3 61. Kg3 Nd5 62. Bd2 Kg6 63. Kg4 Nf6+ 64. Kf4 Nh5+ 65. Ke5 Ng7 66. h4 Kh5 67. Bg5 Nf5 68. Bd8 Ng3 69. Bb6 Nh1 70. Bd8 Nf2 71. f4 Ng4+ 72. Kf5 Nh6+ 73. Ke4 Kg4 74. Be7 Nf5 75. Bf6 Nh6 76. Ke5 Nf7+ 77. Ke6 Nh6 78. Bg5 Nf5 79. Ke5 Ne3 80. Ke4 Nf5 81. Bf6 Nh6 82. Bd8 Nf5 83. h5 Ng3+ 84. Ke5 Kxh5 85. Ba5 Kg4 86. Be1 1/2-1/2

[Event "Reykjavik op 23rd"]
[Site "Reykjavik"]
[Date "2008.03.03"]
[Round "1"]
[White "Kristjansson, Atli Freyr"]
[Black "Nyzhnyk, Illya"]
[Result "1/2-1/2"]
[WhiteElo "2019"]
[BlackElo "2405"]
[PlyCount "124"]
[EventDate "2008.03.03"]
[EventType "swiss"]
[EventRounds "9"]
[EventCountry "ISL"]
[SourceTitle "CBM 123 Extra"]
[Source "ChessBase"]
[SourceDate "2008.05.06"]
[SourceVersion "1"]
[SourceVersionDate "2008.05.06"]
[SourceQuality "1"]

1. d4 Nf6 2. c4 e6 3. Nf3 b6 4. e3 Bb7 5. Bd3 Bb4+ 6. Nc3 0-0 7. Qc2 d6 8. a3 Bxc3+ 9. Qxc3 Ne4 10. Qc2 f5 11. 0-0 Nd7 12. Nd2 Nxd2 13. Bxd2 Qh4 14. f3 Nf6 15. d5 exd5 16. Bxf5 dxc4 17. g3 Qh5 18. g4 Qh4 19. Qxc4+ Bd5 20. Qe2 Rae8 21. Qf2 Qxf2+ 22. Rxf2 g6 23. Bd3 Nd7 24. e4 Ne5 25. Be2 Bc4 26. Bxc4+ Nxc4 27. Bh6 Rf7 28. Kg2 Ne5 29. Raf1 c5 30. b3 b5 31. Be3 c4 32. bxc4 Nxc4 33. Bc1 a5 34. Rd1 b4 35. axb4 axb4 36. Bg5 b3 37. Rb1 b2 38. Rbxb2 Nxb2 39. Rxb2 Rc8 40. Rb3 Kg7 41. Rd3 Rc6 42. Kg3 Rd7 43. Bf4 Kf7 44. Kh4 Ke6 45. Kg5 Rf7 46. Bg3 Rc5+ 47. Kh6 d5 48. exd5+ Rxd5 49. Re3+ Kd7 50. Be5 Re7 51. Bf4 Rf7 52. Be5 Rd1 53. Bg7 Kd8 54. h4 Rd6 55. Bc3 Kd7 56. Bb2 Kd8 57. Bc3 Rc6 58. Bb2 Kd7 59. Bd4 Rd6 60. Bc3 Rd1 61. Bg7 Kd8 62. Ra3 Rd6 1/2-1/2

[Event "Reykjavik-ch"]
[Site "Reykjavik"]
[Date "2008.01.20"]
[Round "7"]
[White "Kristjansson, Atli Freyr"]
[Black "Gretarsson, Hjorvar Steinn"]
[Result "0-1"]
[WhiteElo "2019"]
[BlackElo "2247"]
[PlyCount "110"]
[EventDate "2008.01.06"]
[EventType "swiss"]
[EventRounds "9"]
[EventCountry "ISL"]
[SourceTitle "EXT 2009"]
[Source "ChessBase"]
[SourceDate "2008.11.26"]
[SourceVersion "1"]
[SourceVersionDate "2008.11.26"]
[SourceQuality "1"]

1. e4 c5 2. Nf3 Nc6 3. d4 cxd4 4. Nxd4 Nf6 5. Nc3 d6 6. Bg5 e6 7. Qd2 a6 8. 0-0-0 h6 9. Bh4 Be7 10. f4 g5 11. fxg5 Ng4 12. Nxc6 bxc6 13. Kb1 Ne5 14. Be2 hxg5 15. Bg3 Qa5 16. Qd4 Rb8 17. Bxe5 dxe5 18. Qc4 c5 19. Qa4+ Qxa4 20. Nxa4 Rb4 21. Nc3 Bb7 22. Bf3 Rd4 23. h3 f6 24. Rhe1 Kf7 25. b3 c4 26. Kb2 Rc8 27. Na4 c3+ 28. Nxc3 Bb4 29. Re3 Bxc3+ 30. Rxc3 Rxc3 31. Kxc3 Rxd1 32. Bxd1 Bxe4 33. Bf3 Bd5 34. Kd2 e4 35. Bh5+ Ke7 36. g3 f5 37. c4 Bc6 38. b4 e5 39. c5 f4 40. gxf4 exf4 41. Be2 e3+ 42. Ke1 f3 43. Bxa6 Bd7 44. c6 Bxh3 45. c7 f2+ 46. Kd1 Kd6 47. c8Q Bxc8 48. Bf1 Bg4+ 49. Kc2 e2 50. Bxe2 Bxe2 51. Kb3 f1Q 52. Ka4 Bd1+ 53. Ka5 Qf8 54. b5 Kc5 55. a4 Qa8# 0-1

[Event "Reykjavik-ch"]
[Site "Reykjavik"]
[Date "2008.01.16"]
[Round "5"]
[White "Sigurjonsson, Siguringi"]
[Black "Kristjansson, Atli Freyr"]
[Result "0-1"]
[WhiteElo "1912"]
[BlackElo "2019"]
[PlyCount "56"]
[EventDate "2008.01.06"]
[EventType "swiss"]
[EventRounds "9"]
[EventCountry "ISL"]
[SourceTitle "EXT 2009"]
[Source "ChessBase"]
[SourceDate "2008.11.26"]
[SourceVersion "1"]
[SourceVersionDate "2008.11.26"]
[SourceQuality "1"]

1. d4 d5 2. Nf3 Nf6 3. e3 g6 4. Bd3 Bg7 5. Nbd2 0-0 6. c3 b6 7. e4 dxe4 8. Nxe4 Nbd7 9. 0-0 Bb7 10. Qe2 c5 11. dxc5 Nxe4 12. Bxe4 Bxe4 13. Qxe4 Nxc5 14. Qe2 Qc7 15. g3 e5 16. Be3 Rad8 17. Rad1 h6 18. Rfe1 Kh7 19. h4 Ne6 20. Rxd8 Rxd8 21. Bc1 Nc5 22. Qc4 Qb7 23. Nh2 Nd3 24. Rf1 Nxc1 25. Rxc1 Rd2 26. b4 f5 27. Nf1 Rb2 28. a4 Qf3 0-1

[Event "Hafnarfjordur-ch"]
[Site "Reykjavik"]
[Date "2007.12.15"]
[Round "4"]
[White "Thorgeirsson, Sverrir"]
[Black "Kristjansson, Atli Freyr"]
[Result "1-0"]
[WhiteElo "2061"]
[BlackElo "1979"]
[PlyCount "117"]
[EventDate "2007.12.13"]
[EventType "swiss"]
[EventRounds "7"]
[EventCountry "ISL"]
[SourceTitle "CBM 122 Extra"]
[Source "ChessBase"]
[SourceDate "2008.03.04"]
[SourceVersion "1"]
[SourceVersionDate "2008.03.04"]
[SourceQuality "1"]

1. e4 c5 2. c3 e6 3. d4 d5 4. exd5 exd5 5. Nf3 Nc6 6. Be3 cxd4 7. Nxd4 Nf6 8. Be2 Bd6 9. 0-0 0-0 10. Nd2 Nxd4 11. Bxd4 Bf5 12. Re1 Re8 13. Nf1 Ne4 14. Ng3 Bg6 15. Qb3 Qg5 16. Be3 Qe5 17. Bf3 h5 18. Red1 Qf6 19. Rxd5 Nxg3 20. Bg5 Ne2+ 21. Bxe2 Qe6 22. Be3 Bf4 23. Bxf4 Qxe2 24. h3 Re4 25. Rd2 Qa6 26. Be3 Bf5 27. Qd5 Qg6 28. Kh2 Rae8 29. Qd6 R8e6 30. Qg3 h4 31. Qxg6 Rxg6 32. Bxa7 b6 33. Bb8 Rge6 34. Rad1 Re2 35. Bf4 Bc2 36. Rxe2 Rxe2 37. Rd2 Rxd2 38. Bxd2 f6 39. c4 Bd3 40. Be3 Bxc4 41. b3 Bd5 42. Bxb6 Kf7 43. f3 Ke6 44. Kg1 Kf5 45. Kf2 Bf7 46. Ke3 Be6 47. Bc7 Bd5 48. Kd4 Bf7 49. Kc5 Be6 50. Bh2 g5 51. Bc7 Kg6 52. b4 Bxa2 53. b5 Be6 54. b6 Bc8 55. Kc6 f5 56. b7 Bxb7+ 57. Kxb7 g4 58. Bf4 Kf6 59. Kc6 1-0

[Event "Reykjavik op 22nd"]
[Site "Reykjavik"]
[Date "2006.03.12"]
[Round "7"]
[White "Thorsteinsdottir, Gudlaug"]
[Black "Kristjansson, Atli Freyr"]
[Result "1-0"]
[WhiteElo "2147"]
[BlackElo "1922"]
[PlyCount "95"]
[EventDate "2006.03.06"]
[EventType "swiss"]
[EventRounds "9"]
[EventCountry "ISL"]
[SourceTitle "CBM 111 Extra"]
[Source "ChessBase"]
[SourceDate "2006.05.09"]
[SourceVersion "1"]
[SourceVersionDate "2006.05.09"]
[SourceQuality "1"]

1. d4 Nf6 2. Nf3 g6 3. c4 Bg7 4. g3 0-0 5. Bg2 d6 6. Nc3 Nc6 7. 0-0 a6 8. Re1 Rb8 9. d5 Na5 10. Qd3 c5 11. Rb1 b5 12. b3 bxc4 13. bxc4 Rxb1 14. Nxb1 Qb6 15. Bd2 Bf5 16. e4 Nxe4 17. Rxe4 Bxe4 18. Qxe4 Nxc4 19. Bc3 Rb8 20. Qxc4 Qxb1+ 21. Be1 Rb4 22. Qxa6 Bc3 23. Qf1 Bxe1 24. Qxe1 Qxa2 25. Qxe7 Qxd5 26. h4 h6 27. Qe3 Qd1+ 28. Kh2 Kg7 29. Qc3+ Kh7 30. Qf6 Kg8 31. h5 Qd3 32. Nh4 Qd4 33. Qd8+ Kh7 34. hxg6+ fxg6 35. Qe7+ Qg7 36. Qxd6 Rc4 37. Bd5 Rc2 38. Kg2 Re2 39. Qxc5 Re5 40. Qd6 Re8 41. Qc6 Re5 42. Be4 Rg5 43. Kh3 Qa1 44. Bxg6+ Rxg6 45. Qxg6+ Kh8 46. Qxh6+ Kg8 47. Qe6+ Kh7 48. Qf7+ 1-0